| 000 | 00694nam a22002057a 4500 | ||
|---|---|---|---|
| 999 |
_c8563 _d8563 |
||
| 003 | AR-CdUCM | ||
| 008 | 190325b ||||| |||| 00| 0 spa d | ||
| 040 |
_aMUNICIPALIDAD PROVINCIAL DEL CUSCO _cBIBLIOTECA MUNICIPAL DEL CUSCO |
||
| 082 |
_a591.8 / _bF22 |
||
| 100 |
_aPrice, Charles J _923981 |
||
| 245 | _aHistología | ||
| 260 |
_aBuenos Aires : _bVilar, _c1974. |
||
| 300 |
_a110 páginas ; _c23 cm. |
||
| 505 | _aContenido : Niveles de organización celular -- Protozoarios Mitosis -- Metazoarios -- Metazoarios primitivos : La hidra ... | ||
| 650 |
_aHistología _923982 |
||
| 650 |
_aEstudio de los tejidos _923983 |
||
| 650 |
_aEpitelio _923984 |
||
| 942 |
_2ddc _cLIBROS |
||
| 945 | _arah | ||